Statistiques concernant Les 10 meilleurs pays pour skier

Cliquez ici pour prendre le quiz!

Statistiques générales

  • Ce quiz a été pris 206 fois
  • Le résultat moyen est 8 sur 10

Statistiques - réponses

Answers% Correct
France
99%
Suisse
94%
Canada
90%
Italie
90%
Etats Unis
86%
Norvège
85%
Suède
84%
Autriche
77%
Japon
60%
Nouvelle Zélande
24%

Distribution des résultats

Percentile par nombre de réponses

% des personnes avec chaque résultat

Votre développement - résultats

Vous n’avez pas pris ce quiz